Normal view
MARC view
- SUPERVISOR DR KUNWAR FARAZ
Entry Personal Name
001 - CONTROL NUMBER
- control field: 71886
003 - CONTROL NUMBER IDENTIFIER
- control field: NUST
005 - DATE AND TIME OF LATEST TRANSACTION
- control field: 20210628204712.0
008 - FIXED-LENGTH DATA ELEMENTS
- fixed length control field: 210628|| aca||aabn | a|a d
040 ## - CATALOGING SOURCE
- Original cataloging agency: NUST
- Transcribing agency: NUST
100 ## - HEADING--PERSONAL NAME
- Personal name: SUPERVISOR DR KUNWAR FARAZ
670 ## - SOURCE DATA FOUND
- Source citation: Work cat.: (NUST): AWAIS, NAQASH 71884, PR-SOF-1243-DESIGN & MANUFACTURE OF AN ADAPTIVE PROSTHETIC GRIPPER, 2013
